000 00627nam a22002177a 4500
003 UA-OsUOA
001 120354
007 ta
008 20161226b un ||||| |||| 00| 0 ukr d
100 _aГаркушенко О.М.
090 _a330(477)
_bГ20
942 _cSA
040 _aUA-OsUOA
_bfre
_cUA-OsUOA
_dUA-OsUOA
245 _aЕкологічне оподаткування: необхідність або податковий і політичний тиск
300 _aС.83-91
955 _a0
041 _afre
080 _a330(477)
773 0 _w120351
650 7 _a330 Економіка взагалі
_2UDC
999 _c406695
_d406695